Ján Turis: Kronika bez konca

Bibliographic Details
Main Authors: Apfel, Viliam, 1940-2024 (Author), Turis, Ján, 1920-2005 (Author)
Format: Article
Language:Slovak
Subjects:

MARC

LEADER 00000nab a2200000 a 4500
001 vtls000499429
003 SK-MaSNL
005 20260304020211.0
008 120927c1993 xo 0 slo
015 |a SNBRB19rr/mm-uuuuu 
035 |a CL0499567 
040 |a SNKBUCL  |b slo  |c SNKBUCL  |e AACR2 
041 0 |a slo 
044 |a xo  |c SK 
080 |a 908.437.6(093.3):930.253:352  |2 1981 
080 |a 930.253:352  |2 1981 
100 1 |a Apfel, Viliam,  |d 1940-2024  |4 aut  |9 93648 
245 1 0 |a Ján Turis: Kronika bez konca  |c Viliam Apfel 
650 0 7 |a Nový Klenovec (Slovensko)  |2 snkbucl  |9 1297713 
651 7 |a 5309  |2 snkbucl  |9 279317 
655 7 |a články z novín a časopisov  |2 snkbucl  |9 267496 
700 1 |a Turis, Ján,  |d 1920-2005  |4 aut  |9 40158 
773 0 |t Republika  |g Roč. 1, č. 157 (5. 10. 1993), s. 8 
787 0 8 |i Rec.:  |a Turis, Ján  |t Kronika bez konca  |d Bratislava : Záujmové združenie Novoklenovčanov, 1992 
850 |a Slovenská národná knižnica v Martine  |a MTA001 
852 |a SNK  |b KIS3GCP 
958 |a RK 
992 |a RBX 
999 |c 2597025  |d 2598955